| 000 | 00911nam a2200253 a 4500 | ||
|---|---|---|---|
| 001 | 000038486 | ||
| 005 | 20240412074259.0 | ||
| 008 | 130412s2012 dr 000 p spa d | ||
| 020 | _a9789945005615 | ||
| 040 |
_aDO-SdBNP _bspa _cBNPHU |
||
| 082 |
_aRD861.44 _bG887e |
||
| 100 | 1 |
_aGrullón de la Mota, Rafael Arturo _964834 |
|
| 245 | 1 | 0 |
_aEmociones / _cRafael Arturo de Js. Grullón de la Mota ; prólogo Reynolds Jossef Pérez Stefan. |
| 260 |
_aSanto Domingo : _bImpresora Universal, _c2012. |
||
| 300 |
_axi, 116 p. ; _c22 cm. |
||
| 490 | 1 | _aSociedad la progresiva | |
| 500 | _aIncluye datos biográficos del autor en la contracubierta | ||
| 590 | _aInventariado, 2018/LP | ||
| 650 | 0 |
_aPoesía dominicana _966 |
|
| 650 | 0 |
_aLiteratura dominicana. _967 |
|
| 700 | 1 | 2 |
_aPérez Stefan, Reynolds J _epról. _938778 |
| 830 | 0 |
_aSociedad la progresiva _964836 |
|
| 910 | _aValidado. Control de calidad MFF | ||
| 999 |
_c37976 _d37976 |
||